Basque Football Teams - Statistics

General Stats
  • This quiz has been taken 195 times
  • The average score is 6 of 7
Answer Stats
Province Answer % Correct
Bizkaia / Viscaya Athletic Bilbao
97%
Gipuzkoa / Guipuzkoa Real Sociedad
94%
Araba / Alava Deportivo Alavés
90%
Nafarroa / Navarra CA Osasuna
88%
Gipuzkoa / Guipuzkoa SD Eibar
87%
Gipuzkoa / Guipuzkoa Real Union
60%
Bizkaia / Viscaya Arenas Club de Getxo
54%
No matching quizzes found
Score Distribution
Percent of People with Each Score
Percentile by Number Answered
Your Score History
You have not taken this quiz